| 000 | 00697nam a22001937a 4500 | ||
|---|---|---|---|
| 999 |
_c3279 _d3279 |
||
| 003 | OSt | ||
| 005 | 20211117075900.0 | ||
| 008 | 211029b ||||| |||| 00| 0 eng d | ||
| 020 | _a- | ||
| 040 | _cALUPE UNUVERSITY | ||
| 050 |
_aHF5601 _b.N36 2021 |
||
| 100 | _a Beryl Kutiri Namubuya | ||
| 245 |
_aA REPORT ON THE ROLES OF THE ACCOUNTS DEPARTMENT IN IMPROVING REVENUE COLLECTION AND MANAGEMENT IN BUNGOMA COUNTY REFERRAL HOSPITAL _cBy Beryl Kutiri Namubuya |
||
| 260 |
_aAlupe University _bBeryl Kutiri Namubuya _c2021 |
||
| 300 |
_aiv,15p: _bill; [some col]. _c28cm. |
||
| 504 | _aincludes bibliographies references | ||
| 650 | _aInternal Revenue Service -- Accounting | ||
| 942 |
_2lcc _cAUCUP _nJO |
||